Tỉnh thế hằng ngôn T.2 /

Những truyện được viết ra có nguồn gốc từ nguồn sử liệu, từ những bản ghi chép của các thời để lại, từ các cuốn tiểu thuyết, nhiều nhất là trực tiếp lấy từ các câu chuyện dân gian, vốn bắt nguồn từ đời sống xã hội.

Kaydedildi:
Detaylı Bibliyografya
Yazar: Phùng Mộng Long.
Diğer Yazarlar: Nguyễn Huy (dịch.)
Materyal Türü: Kitap
Dil:Vietnamese
Baskı/Yayın Bilgisi: Hà Nội : Khoa học xã hội, 1999.
Konular:
Etiketler: Etiketle
Etiket eklenmemiş, İlk siz ekleyin!
Thư viện lưu trữ: Mạng thư viện Đại học Đà Nẵng
LEADER 01187cam a2200349 i 4500
001 000046761
003 6269
005 20030917105613.0
008 010306b1999 vm 000 vie
020 |c 51000 
022 |a T 
040 |a IRC  |c IRC  |d IRC 
041 1 |a vie 
082 1 4 |a 895.1  |b PH-L 
100 1 |a Phùng Mộng Long. 
245 0 0 |a Tỉnh thế hằng ngôn  |n T.2 /  |c Phùng Mộng Long ; Nguyễn Huy dịch. 
260 |a Hà Nội :  |b Khoa học xã hội,  |c 1999. 
300 |a 674tr. ;  |c 20,5cm. 
520 3 |a Những truyện được viết ra có nguồn gốc từ nguồn sử liệu, từ những bản ghi chép của các thời để lại, từ các cuốn tiểu thuyết, nhiều nhất là trực tiếp lấy từ các câu chuyện dân gian, vốn bắt nguồn từ đời sống xã hội. 
630 0 4 |a Văn học Trung Quốc. 
650 0 4 |a Văn học Trung Quốc. 
700 1 |a Nguyễn Huy,  |e dịch. 
OWN |a DUT 
999 |a From the UDN01 
TYP |a Monograph 
TYP |a Printed language 
980 |a Mạng thư viện Đại học Đà Nẵng